000 00872nam a2200229 i 4500
001 44919
003 ES-MaACL
005 20250902082254.0
007 t|
008 030324s1954 sp ||||1| spa d
100 1 _aClark, Wallace.
_939051
245 1 3 _aEl gráfico Gantt en la dirección de empresas industriales y comerciales /
_cWallace Clark ; traducido y adaptado del original inglés por Damián Aragonés ; presentada por César de Madariaga.
250 _a3ª ed.
260 _aBarcelona :
_bJosé Montesó,
_c1954 (
_fAgustín Núñez)
300 _a208 p. :
_bil. ;
_c22 cm.
490 1 _aBiblioteca del hombre de negocios moderno
700 1 _aAragonés, Damián.
_922198
700 1 _aMadariaga, César de.
_975282
830 0 0 _aBiblioteca del hombre de negocios moderno
_9182038
852 _aES-MaACL
_jC-11292
_bR.39531
999 _c44919
_d44919